000 00953cam a22002414a 4500
001 e 10002670
003 DLC
005 20260227111154.0
008 920213s1869 gw bl 000 0 ger d
010 _ae 10002670
040 _aLibrary, U.S. Bur. of Education
_cCKM
_dDLC
043 _ae-gx---
_ae-au---
_ae-sz---
050 0 0 _aKK6266
_b.A28 1869
110 1 _aGermany.
245 1 4 _aDie Schulgesetzgebung der Gegenwart :
_bSammlung der neuesten Schulgesetze, wichtiger Verordnungen der Schulbehörden und Kundgebungen der pädagogischen Vereine /
_c[herausgegeben] von J.C.N. Backhaus.
260 _aOsnabrück :
_bRackhorstsche buchhandlung,
_c1869.
300 _aviii, 324 p. ;
_c23 cm.
504 _aIncludes bibliographical references.
650 0 _aEducational law and legislation
_zGermany.
650 0 _aEducational law and legislation
_zAustria.
650 0 _aEducational law and legislation
_zSwitzerland.
700 1 _aBackhaus, J. C. N.
999 _c19117
_d19117